00614nam a22001937a 450000500170000001000130001702000110003003500130004103700160005404000120007008200130008211000520009524500780014726000850022527000400031030000200035065000220037065000280039220170124110253.0 aA-609195 c150.00 aA-609195 bCen Lib/Ret aDPLbEN a080bIND bIndia. Ministry of Information an Broadcasting  aSelected speeches and writtings :bV.P. Singh (Prime Minister, 1989-90) / aNew Delhi c1993bPublication Division, Ministry of Information an Broadcasting  bNew Delhi apatiyala house e110001 a329p.c21cm(Hb) aNational affairs  aSpeeches of V.P. Singh